• 首页
  • 本馆介绍
  • 公告通知
  • 最新文献
  • 馆藏检索
  • 电子资源
  • 读者导购
  • 参考咨询
  • 我的图书馆
  • 登录
  • 详细信息显示
  • 放入我的书架
  • 预约/预借图书
  • 作者相关作品
  • 分类相关作品
  • 丛书相关作品
  • 出版社相关作品

书目信息

  • 表格格式
  • 工作单格式
  • 卡片格式
题名:
群学肄言
    
 
作者: 斯宾塞 著 ;严复 译
分册:  
出版信息: 北京   商务印书馆  1981.10
页数: 314页
开本: 20cm
丛书名: 严译名著丛刊
单 册:
中图分类: B561.45
科图分类:
主题词: 哲学--欧洲
电子资源:
ISBN:
000 00612nam0 2200229 45
001 0181023772
005 20060812110335.26
010    @dCNY1.60
091    @a3017.311
100    @a20810111d km y0chiy0120 ea
101 0  @achi@ceng
200 1  @a群学肄言@AQun Xue Yi Yan@f(英)斯宾塞著@F(Ying)Si Bin Sai Zhu@g严复译
210    @a北京@c商务印书馆@d1981.10
215    @a314页@d20cm
225    @a严译名著丛刊
410    @12001 @a严译名著丛刊
606 0  @a哲学@x欧洲
690    @aB561.45@v3
701  0 @a斯宾塞@4著
702  0 @a严复@AYan Fu@4译
801    @aCN@bTSTC@c20060812
905    @dB561.45@e1@f1@b64790
    
    群学肄言/(英)斯宾塞著/严复译.-北京:商务印书馆,1981.10
    314页;20cm.-(严译名著丛刊)
    
    
    ISBN :CNY1.60
    
●
相关链接 在E读中查询图书 在五车中查询图书 在当当中查询图书 在豆瓣中查询图书


正题名:群学肄言     索取号:B561.45/1         预约/预借

序号 登录号 条形码 馆藏地/架位号 状态 备注
1 0015788   000577673   密集书库/ [索取号:B561.45/1] 在馆    
2 0064790   000579154   第一样本阅览室/ [索取号:B561.45/1] 在馆    
3 0064791   001798255   密集书库/ [索取号:B561.45/1] 在馆    
4 0064792   202141681   密集书库/ [索取号:B561.45/1] 在馆    
5 0424711   204247118   密集书库/ [索取号:B561.45/1] 在馆    
6 0449042   204490425   密集书库/ [索取号:B561.45/1] 在馆    
7 0449043   204490434   密集书库/ [索取号:B561.45/1] 在馆    
唐山师范学院图书馆 欢迎您!
大连网信软件有限公司© 版权所有